|
|
|
|
| LEADER |
00912nam a22002297a 4500 |
| 001 |
AAL4332 |
| 003 |
BD-DhAAL |
| 005 |
20160229144752.0 |
| 008 |
160229m20031975bg ||||| |||| 00| 0 mul d |
| 020 |
|
|
|a 9840743899
|
| 040 |
|
|
|a BD-DhAAL
|c BD-DhAAL
|
| 082 |
|
|
|a 658/.003/21
|
| 245 |
|
|
|a প্রশাসনিক পরিভাষা /
|c বাংলা একাডেমী
|
| 260 |
|
|
|a ঢাকা :
|b বাংলা একাডেমী,
|c ২০০৩
|
| 300 |
|
|
|a ২৮৭ পৃ. ;
|c ২২ সে.মি.
|
| 541 |
|
|
|e 4332
|
| 650 |
|
|
|a Management
|v Terminology.
|9 18232
|
| 710 |
|
|
|a বাংলা একাডেমী
|9 18233
|
| 852 |
|
|
|a Savar Campus Library
|b General Shelf
|
| 942 |
|
|
|2 ddc
|c BK
|
| 999 |
|
|
|c 36952
|d 36952
|
| 952 |
|
|
|0 0
|1 0
|2 ddc
|4 0
|6 658_000000000000000__003_21_PRO
|7 0
|9 58204
|a SCL
|b SCL
|c GEN
|d 2016-02-29
|g 100.00
|l 1
|m 5
|o 658.00321 PRO
|p 3020004332
|r 2022-05-24
|s 2021-10-05
|t 1
|w 2016-02-29
|y BK
|